Responses for show #8162 - Tuesday, February 18, 2020

MacKenzie Jones game 2.

Contestants

[<< previous game]

Caitlin Drinkard, a musician from Hamtramck, Michigan

Rex Wessel, an information security engineer from Alburtis, Pennsylvania

MacKenzie Jones, a program development director from Tulsa, Oklahoma (whose 1-day cash winnings total $26,400)

[next game >>]

Jeopardy! Round responses

3-WORD CITIES
SHE MARRIED THAT ROCK STAR
BUCKETS
ARCHITECTURE
THE 20th CENTURY
CONTRONYMS
    $200 16
Port-au-Prince

Rex
    $200 1
Billy Joel

Caitlin
    $200 8
Colonel Sanders

Rex
    $200 19
a loft

Rex
    $200 6
radar

Rex
    $200 25
repossess

Rex
    $400 17
Stratford-upon-Avon

MacKenzie
    $400 2
Paul McCartney

MacKenzie
    $400 9
to kick the bucket

Caitlin
    $400 20
a breezeway

Caitlin
    $400 7
(Rex: What is the United Nations?)

League of Nations

MacKenzieRex
    $400 27
strike

MacKenzie
    $600 18
Rio de Janeiro

Triple Stumper
    $600 3
(MacKenzie: Who is Sambora?)

Eddie Van Halen

MacKenzie
Triple Stumper
    $600 10
Jack Nicholson & Morgan Freeman

Caitlin
    $600 21
a keystone

Rex
    $600 13
the (Charles) Manson family

Caitlin
    $600 28
trim

Caitlin
    $800 23
Sri Lanka

Caitlin
    $800 4
Ozzy Osbourne

Rex
    $800 11
pollination

Rex
    $2,600 22
(Rex: What is... Gothic?)

Tudor

Rex
    $800 14
a teddy bear

Caitlin
    $800 29
garnish

Rex
    $1000 24
(Alex: Less than a minute now.)

Dar es Salaam

Rex
    $1000 5
Gene Simmons

MacKenzie
    $1000 12
(Caitlin: What is an extractor?)

excavator

RexCaitlin
    $1000 26
Neoclassical

MacKenzie
    $1000 15
(Rex: Where is Sydney?)

Melbourne

MacKenzieRex
    $1000 30
bolt

Triple Stumper

Scores at the first commercial break (after clue 15):

MacKenzie Rex Caitlin
$2,200 $1,600 $1,600

Scores at the end of the Jeopardy! Round:

MacKenzie Rex Caitlin
$4,000 $2,000 $3,400

Double Jeopardy! Round responses

SPEAKING VOLUMES
CHEMISTRY
TV-POURRI
THAT USED TO HAPPEN?
RELIGIOUS IDIOMS
"V" END OF THE RUSSIAN NAME
(Alex: "V" coming up at the end of each Russian name.)
    $400 14
Churchill

Rex
    $400 6
hydrogen

Rex
    $400 19
A Million Little Things

Triple Stumper
    $400 9
hitchhiking

Rex
    $400 1
Job

MacKenzie
    $400 24
(Alex: Less than a minute now.)

Romanov

MacKenzie
    $800 15
The Last Battle

Triple Stumper
    $800 7
the atomic number

Rex
    $800 20
House

MacKenzie
    $800 10
an editor

Caitlin
    $800 2
an act of God

MacKenzie
    $800 25
Chekhov

MacKenzie
    $1200 16
(MacKenzie: What is Encyclopedia Britannica?)

the Oxford English Dictionary (the OED)

MacKenzieRex
    $1200 8
(Rex: What is sublimation?)
(Caitlin: What is a state transition?)

phase

RexCaitlin
Triple Stumper
    $1200 21
The Mandalorian

Caitlin
    $1200 11
cover

Caitlin
    $1200 3
heaven's door

MacKenzie
    $3,000 26
Pavlov

MacKenzie
    $1600 17
Flaubert

MacKenzie
    $1600 22
Bethenny Frankel

MacKenzie
    $1600 12
(Rex: What is the Electoral College?)
...
(Alex: The last one nominated, Adlai Stevenson.)

nominating conventions for the parties

Rex
Triple Stumper
    $3,000 4
(MacKenzie: Let's do $3,000.)
(Alex: $3,000 it is.)
(MacKenzie: Haven't been to church in a while.)
[Laughter]
(Alex: Ohh. Oh. What a confession.)
...
(MacKenzie: What is...)
(Alex: Say something.)

a blessing in disguise

MacKenzie
    $1600 27
[The end-of-round signal sound.]

Kasparov

Rex
    $2000 18
(Caitlin: What is Revolution?)

Reformation

MacKenzieCaitlin
    $2000 23
(Alex: She played well on our show. [*].)

Jane Curtin

Triple Stumper
    $2000 13
stenography

Triple Stumper
    $2000 5
a fall from grace

Caitlin

Scores at the end of the Double Jeopardy! Round:

MacKenzie Rex Caitlin
$12,400 $4,000 $5,400
(lock game)

[wagering suggestions for these scores]

Final Jeopardy! Round responses

AFRICAN GEOGRAPHY
RexWhat is Chad?
$1,401
CaitlinWhat is Senegal?
$2,601
MacKenzieWhat is Gambia?
$0
Guinea

Final scores:

MacKenzie Rex Caitlin
$12,400 $2,599 $2,799
2-day champion: $38,800 3rd place: $1,000 2nd place: $2,000

Game dynamics:

Coryat scores:

MacKenzie Rex Caitlin
$13,600 $6,600 $5,400
17 R
(including 1 DD),
3 W
(including 1 DD)
17 R,
5 W
(including 1 DD)
12 R,
3 W

Combined Coryat: $25,600

The J! Archive is created by fans, for fans. The Jeopardy! game show and all elements thereof, including but not limited to copyright and trademark thereto, are the property of Jeopardy Productions, Inc. and are protected under law. This website is not affiliated with, sponsored by, or operated by Jeopardy Productions, Inc. Join the discussion at JBoard.tv.